01016 2200325 4500001002100000005001500021035002000036007000300056008004100059020002000100040002200120082001200142084001400154090001800168090002200186100003700208245012400245250002600369300003100395650004100426700002900467850001200496504003000508264003400538336002100572337003000593338002300623999002200646990002200668INLIS00000000085479620200305092242 a0010-0320000123ta200305s2019 yoi f ind d a978-979-21-6293 aYOPDYOGbinderda04223a270 a270 ISM m aDEP 270 ISM m aCB-D.11 2019-22350 aIsmanoe Mestoko,d1915-epenulis10aMagnalia dei (karya Allah yang agung) :bsejarah gereja kristen jawi wetan /cIsmanoe Mestoko; penyunting, Rosa de Lima aCetakan pertama, 2019 aviii, 472 halaman ;c23 cm 4aGereja kristen jawi wetan--vsejarah0 aRosa de Limaepenyunting aYOPDYOG aBibliografi halaman : 47131aYogyakarta :bKanisius,c2019 2rdacontentateks 2rdamediaatanpa perantara 2rdacarrieravolume aCB-D.11/2019-2235 aCB-D.11/2019-2235